000 00395 a2200145 4500
999 _c2867
_d2867
020 _a0749426128
050 _aHD 31 ARM 1988
100 _aArmstrong, Michael
245 _aManaging people
_ba practical guide for line managers /
_cMichael Armstrong
264 _aLondon
_bKogan Page
_c1998
300 _ax,313p.
500 _aInclude index
650 _aManagement
942 _2lcc
_cBK
_h31
_iARM
_kHD